Представление документа в формате RUSMARC

ПолеНазваниеЗначение
  Тип записи a
  Библиографический уровень m
001 Контрольный номер RU/УГОНБ/EK/5430
005 Дата корректировки 20220304195257.5
010 Индекс ISBN __
a ISBN 5-02-030104-3
d Цена 3 р. 10 к.
9 Тираж 100000 экз.
100 Данные общей обработки __
a Данные общей обработки 19920708d1991 u u0rusy0189 ca
101 Язык документа 0_
a Язык текста rus
102 Страна публикации __
a Страна публикации RU
105 Кодированные данные (монография) __
a Кодированные данные (монография) a z 001yy
200 Заглавие и сведения об ответственности 1_
a Заглавие Пищевые растения в тибетской медицине
f Первые сведения об ответственности Т.А. Асеева, Ц.А. Найдакова
g Последующие сведения об ответственности Акад. наук СССР, Сиб. отд-ние, Бурят. ин-т биологии
g Последующие сведения об ответственности отв. ред. С.М. Николаев
205 Сведения об издании __
a Основные сведения об издании 3-е изд., испр. и доп.
210 Выходные данные 1_
d Дата издания 1991
a Место издания Новосибирск
c Издательство Наука
215 Физическое описание __
a Объем 129 с.
c Иллюстрации/тип воспроизводства ил.
d Формат 20 см
320 Библиография __
a Библиография Библиогр.: с. 126-129
606 Тематические рубрики 0_
a Основная рубрика Медицина народная тибетская
610 Ключевые слова 0_
a Ключевые слова медицина народная
610 Ключевые слова 0_
a Ключевые слова медицина тибетская
610 Ключевые слова 0_
a Ключевые слова питание лечебное
610 Ключевые слова 0_
a Ключевые слова растения пищевые
686 Индексы других классификаций __
a Классификационный индекс 52.821.1
2 Код системы rubbk
686 Индексы других классификаций __
a Классификационный индекс 53.591
2 Код системы rubbk
700 Автор _1
a Фамилия Асеева
b Имя (инициалы) Т.А.
g Полное личное имя Тамара Анатольевна
701 Альтернативная интеллектуальная ответственность _1
a Фамилия Найдакова
b Имя (инициалы) Ц.А.
702 Вторичная интеллектуальная ответственность _1
a Фамилия Николаев
b Имя (инициалы) С.М.
4 Код отношения 340
712 Наименование организации (Вторичная ответственность) 02
a Организация/ юрисдикция Академия наук СССР
b Другие уровни Сибирское отделение
4 Код отношения 570
712 Наименование организации (Вторичная ответственность) 02
a Организация/ юрисдикция Бурятский институт биологии
4 Код отношения 570
801 Источник записи _0
a Страна RU
b Организация Ульяновская ОНБ
c Дата составления 19920708
g Правила каталогизации PSBO
801 Источник записи _1
a Страна RU
b Организация Ульяновская ОНБ
c Дата составления 20051014
901 Тип документа __
t Тип документа m
938 Служебная информация __
a Имя БД books
b Имя библиотеки УОНБ
c Имя АИБС МАРК-SQL
d Номер DOC_ID в БД 125612